Vinte mil léguas submarinas (Registo nº 551)

Detalhes MARC
000 -Etiqueta do registo
Cabeçalho 00697nam0a2200241 4500
005 - Identificador da versão
Campo de controlo 20240813121806.0
010 ## - Número internacional normalizado dos livros (ISBN)
Número (ISBN) 8497895835
021 ## - Número do Depósito Legal
Código do país PT
Número B-52222-04
100 ## - Dados gerais de processamento
Dados gerais de processamento 20160311d2005 a e0pory5003 ba
102 ## - Pais de publicação ou produção
País de publicação Portugal
101 1# - Língua de publicação
Língua do texto, banda sonora, etc. Português
Língua do documento no original Francês
215 ## - Descrição física 
Indicação específica da natureza do documento e extensão da espécie 558 p
200 1# - Titulo e menção de responsabilidade
Título próprio Vinte mil léguas submarinas
Primeira menção de responsabilidade Júlio Verne
225 2# - Colecção 
Título próprio da colecção Geração Público
Indicação de volume 35
210 ## - Publicação, Distribuição, etc. 
Lugar da edição, distribuição, etc. Porto
Nome do editor, distribuidor, etc. Público Comunicação Social
Data da publicação, distribuição, etc. cop. 2005
606 ## - Nome comum usado como assunto
Número de registo de entrada de autoridade 0002783
Palavra de ordem Literatura francesa
Subdivisão de assunto Ficção científica
Código do sistema CA
675 ## - Classificação Decimal Universal (CDU)
Notação 821.133.1-311.9
Edição 3ª ed.
Língua da edição por
700 #1 - Nome de autor-pessoa física (responsabilidade principal)
Número de registo de entrada de autoridade 0002780
Palavra de ordem Verne
Outra parte do nome não tomada para palavra de ordem Júlio
Datas 1828-1905
966 ## - Identificação da Biblioteca
Sigla EB2,3ENM
942 ## - Elementos de entrada adicionados (Koha)
Tipo de item no Koha Livro
Exemplares
Situação do levantamento Origin of item (home branch) (coded) Biblioteca de empréstimo Código de barras Cota Circulation type (not for loan) Tipo de documento Nota do exemplar Damaged status
  Biblioteca Escolar Eng. Nuno Mergulhão Biblioteca Escolar Eng. Nuno Mergulhão BENM1075 82LE-3 VER   Livro Sem mensagem